[Event "Skopje U2200 op"]
[Site "Skopje"]
[Date "2017.12.08"]
[Round "2"]
[White "Elez, Nikola"]
[Black "Velkovski, Kristijan"]
[Result "0-1"]
[WhiteElo "2162"]
[BlackElo "1917"]
[PlyCount "56"]
[EventDate "2017.12.07"]
[EventType "swiss"]
[EventRounds "7"]
[EventCountry "MKD"]
[SourceTitle "CBM 182 Extra"]
[Source "ChessBase"]
[SourceDate "2018.02.23"]
[SourceVersion "1"]
[SourceVersionDate "2018.02.23"]
[SourceQuality "1"]

1. e4 e5 2. Nf3 Nc6 3. Bc4 Bc5 4. d3 Nf6 5. Nc3 h6 6. Be3 Bb6 7. Qd2 d6 8. a3 Be6 9. h3 Qd7 10. g4 Nd4 11. Bxd4 exd4 12. Bxe6 fxe6 13. Ne2 c5 14. g5 hxg5 15. Nxg5 0-0-0 16. 0-0-0 Kb8 17. Ng3 Rhe8 18. f4 Qa4 19. Kb1 Ba5 20. Qf2 Rc8 21. f5 e5 22. Ne6 Re7 23. Ka2 Bb4 24. Ne2 Rc6 25. Nc1 Ra6 26. Nb3 Bxa3 27. bxa3 Qxa3+ 28. Kb1 c4 0-1

[Event "SRB-chT 1st League"]
[Site "Kragujevac"]
[Date "2016.09.10"]
[Round "1.1"]
[White "Radovic, Luka"]
[Black "Elez, Nikola"]
[Result "1-0"]
[WhiteElo "2254"]
[BlackElo "2211"]
[PlyCount "91"]
[EventDate "2016.09.10"]
[EventType "team-tourn"]
[EventRounds "11"]
[EventCountry "SRB"]
[SourceTitle "CBM 174 Extra"]
[Source "ChessBase"]
[SourceDate "2016.10.10"]
[SourceVersion "1"]
[SourceVersionDate "2016.10.10"]
[SourceQuality "1"]
[WhiteTeam "Kragujevac Radnicki"]
[BlackTeam "Despotovac Sloga"]
[WhiteTeamCountry "SRB"]
[BlackTeamCountry "SRB"]

1. Nf3 d6 2. g3 Bg4 3. Bg2 c6 4. c4 Qd7 5. h3 Bxf3 6. Bxf3 g6 7. Nc3 Bg7 8. d4 Nf6 9. e4 0-0 10. Be3 e5 11. d5 c5 12. g4 Na6 13. h4 Nc7 14. a4 Rab8 15. h5 a6 16. g5 Nfe8 17. Bg4 Qe7 18. hxg6 hxg6 19. Qe2 f5 20. gxf6 Nxf6 21. Bg5 Qe8 22. f3 Kf7 23. Kd2 Rh8 24. Qg2 Qe7 25. Rag1 Rxh1 26. Rxh1 Rh8 27. Rxh8 Bxh8 28. Qh3 Bg7 29. a5 Qd8 30. Bc8 Kg8 31. Bxb7 Qf8 32. Bc8 Qe7 33. Be6+ Kf8 34. Bc8 Qf7 35. Be6 Nxe6 36. dxe6 Qb7 37. Kc2 Qb4 38. Bxf6 Bxf6 39. Qh7 Bg7 40. e7+ Kf7 41. Qxg7+ Kxg7 42. e8Q Qxc4 43. Qe7+ Kh6 44. Qxd6 Qb4 45. Qxa6 Qd4 46. Qd3 1-0

[Event "SRB-chT2 East"]
[Site "Vrnjacka Banja"]
[Date "2015.10.10"]
[Round "10.46"]
[White "Milutinovic, Stefana"]
[Black "Elez, Nikola"]
[Result "0-1"]
[WhiteElo "2124"]
[BlackElo "2222"]
[PlyCount "92"]
[EventDate "2015.08.28"]
[EventType "team-tourn"]
[EventRounds "11"]
[EventCountry "SRB"]
[SourceTitle "EXT 2022"]
[Source "ChessBase"]
[SourceDate "2021.10.06"]
[SourceVersion "1"]
[SourceVersionDate "2021.10.06"]
[SourceQuality "1"]

1. d4 d6 2. Nf3 Bg4 3. c4 c6 4. e4 g6 5. Be2 Bg7 6. Be3 Nf6 7. Nc3 0-0 8. 0-0 Nbd7 9. Rb1 a6 10. c5 dxc5 11. dxc5 Qc7 12. Nd2 Bxe2 13. Qxe2 Ne5 14. f3 Rad8 15. Rfd1 Rd7 16. Nc4 Nxc4 17. Qxc4 Rfd8 18. Rxd7 Rxd7 19. Rd1 Nh5 20. Rxd7 Qxd7 21. g4 Bxc3 22. Qxc3 Ng7 23. Qe5 Ne6 24. h4 Qc7 25. Qxc7 Nxc7 26. Kf2 f6 27. Ke2 Kf7 28. Kd3 Ke6 29. Bf4 Ne8 30. b4 Kd7 31. a4 e5 32. Bg3 Nc7 33. f4 exf4 34. Bxf4 Ne6 35. Bg3 g5 36. e5 gxh4 37. Bxh4 fxe5 38. Bf6 a5 39. bxa5 Nxc5+ 40. Kc4 Ne4 41. Bxe5 Nf2 42. g5 Nh3 43. Bf6 Kd6 44. Kb4 Nf4 45. a6 Nd5+ 46. Ka5 b6# 0-1

[Event "Vojvodina-ch 6th"]
[Site "Novi Sad"]
[Date "2015.07.27"]
[Round "5"]
[White "Elez, Nikola"]
[Black "Kucuksari, Kaan"]
[Result "1/2-1/2"]
[WhiteElo "2222"]
[BlackElo "1981"]
[PlyCount "136"]
[EventDate "2015.07.25"]
[EventType "swiss"]
[EventRounds "9"]
[EventCountry "YUG"]
[SourceTitle "CBM 167 Extra"]
[Source "ChessBase"]
[SourceDate "2015.09.14"]
[SourceVersion "1"]
[SourceVersionDate "2015.09.14"]
[SourceQuality "1"]

1. e4 Nf6 2. e5 Nd5 3. Nc3 Nxc3 4. dxc3 Nc6 5. Bf4 d6 6. Nf3 dxe5 7. Nxe5 Nxe5 8. Qxd8+ Kxd8 9. Bxe5 f6 10. 0-0-0+ Bd7 11. Bg3 e5 12. Bb5 Bd6 13. c4 Bxb5 14. cxb5 Ke7 15. Rhe1 Kf7 16. c4 Rad8 17. Rd5 Be7 18. Red1 Rxd5 19. Rxd5 Rd8 20. Rxd8 Bxd8 21. Kc2 Ke6 22. Kd3 f5 23. f3 g5 24. Bf2 b6 25. a4 h5 26. a5 g4 27. a6 Be7 28. h3 gxf3 29. gxf3 Kf7 30. Kc3 Ke6 31. b4 Bd8 32. Kd3 Kd6 33. Ke2 Ke6 34. Kd2 Be7 35. Kc3 Bd8 36. Be3 Kd6 37. Kb3 Ke6 38. c5 Kd5 39. Kc3 f4 40. Bf2 e4 41. fxe4+ Kxe4 42. Kd2 Kf3 43. Ke1 Kg2 44. h4 f3 45. c6 Be7 46. Bxb6 axb6 47. a7 f2+ 48. Kd2 f1Q 49. a8Q Bxb4+ 50. Ke3 Qf3+ 51. Kd4 Bc5+ 52. Ke5 Bd6+ 53. Kd4 Qf4+ 54. Kd3 Qf5+ 55. Kd4 Qe5+ 56. Kd3 Qxb5+ 57. Ke3 Qb3+ 58. Ke4 Qc4+ 59. Kf5 Qxh4 60. Qa1 Qg4+ 61. Kf6 Qf4+ 62. Kg6 Qe4+ 63. Kf7 Qf5+ 64. Kg8 Qe6+ 65. Kh7 Be5 66. Qh1+ Kf2 67. Qf3+ Ke1 68. Qe2+ Kxe2 1/2-1/2

[Event "Novi Sad op"]
[Site "Novi Sad"]
[Date "2015.04.08"]
[Round "5"]
[White "Lajthajm, Borko"]
[Black "Elez, Nikola"]
[Result "1-0"]
[WhiteElo "2446"]
[BlackElo "2208"]
[PlyCount "80"]
[EventDate "2015.04.05"]
[EventType "swiss"]
[EventRounds "9"]
[EventCountry "SRB"]
[SourceTitle "CBM 166 Extra"]
[Source "ChessBase"]
[SourceDate "2015.06.18"]
[SourceVersion "1"]
[SourceVersionDate "2015.06.18"]
[SourceQuality "1"]

1. d4 d6 2. Nf3 Bg4 3. e4 Nf6 4. Nc3 e6 5. h3 Bh5 6. Bd3 Be7 7. Be3 0-0 8. Qe2 Nc6 9. a3 Re8 10. 0-0-0 a6 11. g4 Bg6 12. Rhg1 d5 13. e5 Ne4 14. Nb1 Na5 15. h4 h6 16. h5 Bh7 17. Nfd2 b5 18. f4 Nc4 19. Nxe4 Bxe4 20. Bxe4 dxe4 21. Nc3 c6 22. Nxe4 Qa5 23. Bd2 Qa4 24. Nc3 Qa5 25. Nd5 Nxd2 26. Nxe7+ Rxe7 27. Qxd2 Qxd2+ 28. Rxd2 Rd7 29. g5 hxg5 30. fxg5 Rad8 31. c3 Kh7 32. g6+ fxg6 33. hxg6+ Kg8 34. Rh2 Re8 35. Rgh1 Kf8 36. Rh8+ Ke7 37. Rxe8+ Kxe8 38. Rh8+ Ke7 39. Rg8 Rd5 40. Rxg7+ Kf8 1-0

[Event "Vojvodina-ch 5th"]
[Site "Novi Sad"]
[Date "2014.07.14"]
[Round "4"]
[White "Strebkovs, Andrejs"]
[Black "Elez, Nikola"]
[Result "1-0"]
[WhiteElo "2357"]
[BlackElo "2207"]
[PlyCount "119"]
[EventDate "2014.07.12"]
[EventType "swiss"]
[EventRounds "9"]
[EventCountry "YUG"]
[SourceTitle "CBM 161 Extra"]
[Source "ChessBase"]
[SourceDate "2014.08.29"]
[SourceVersion "1"]
[SourceVersionDate "2014.08.29"]
[SourceQuality "1"]

1. d4 d6 2. e4 Nf6 3. Nc3 c6 4. Nge2 Nbd7 5. f3 e5 6. Be3 Be7 7. Qd2 0-0 8. g4 exd4 9. Nxd4 Ne5 10. Be2 d5 11. g5 Nh5 12. exd5 cxd5 13. 0-0-0 a6 14. f4 Nc4 15. Bxc4 dxc4 16. Qe2 g6 17. Qxc4 Qa5 18. Nd5 Bd6 19. Nb3 Qd8 20. Nb6 Be6 21. Qa4 Rb8 22. Bc5 Bxf4+ 23. Kb1 Qxg5 24. Bxf8 Rxf8 25. h4 Qe7 26. Nd5 Bxd5 27. Rxd5 Bh6 28. Rd7 Qf6 29. Qd4 Qf3 30. Qd5 Qxd5 31. Rxd5 Nf6 32. Rd6 Kg7 33. Nc5 Be3 34. Rxf6 Kxf6 35. Nd7+ Ke7 36. Nxf8 Kxf8 37. Rf1 g5 38. hxg5 Bxg5 39. Rh1 h6 40. c4 f5 41. Kc2 Ke7 42. Kd3 Kd6 43. b4 b6 44. Rf1 Ke5 45. Re1+ Kd6 46. Re8 Kc6 47. Re6+ Kb7 48. Kd4 Bd2 49. a3 Bc1 50. a4 Bd2 51. c5 bxc5+ 52. bxc5 h5 53. Re5 f4 54. Rxh5 Be3+ 55. Kd5 f3 56. Rh7+ Kb8 57. Rf7 f2 58. Kd6 a5 59. c6 Bb6 60. Kd7 1-0

[Event "Belgrade Nedeljkovic Memorial"]
[Site "Belgrade"]
[Date "2014.05.31"]
[Round "8"]
[White "Elez, Nikola"]
[Black "Sarenac, Ivan"]
[Result "0-1"]
[WhiteElo "2189"]
[BlackElo "2321"]
[PlyCount "85"]
[EventDate "2014.05.30"]
[EventType "tourn"]
[EventRounds "9"]
[EventCountry "SRB"]
[EventCategory "2"]
[SourceTitle "CBM 160 Extra"]
[Source "ChessBase"]
[SourceDate "2014.07.01"]
[SourceVersion "1"]
[SourceVersionDate "2014.07.01"]
[SourceQuality "1"]

1. e4 e5 2. Nf3 Nc6 3. Nc3 Nf6 4. g3 d5 5. exd5 Nxd5 6. Bg2 Nxc3 7. bxc3 Bc5 8. 0-0 0-0 9. Re1 Qf6 10. d3 h6 11. Be3 Bb6 12. Nd2 Bd7 13. Ne4 Qg6 14. Nc5 Bxc5 15. Bxc5 Rfe8 16. Rb1 b6 17. Be3 Rad8 18. Qe2 Na5 19. Bd2 Bc6 20. Bxc6 Nxc6 21. f4 f5 22. fxe5 Nxe5 23. Qg2 Qh5 24. Re3 Ng4 25. Rxe8+ Rxe8 26. Re1 Rxe1+ 27. Bxe1 Nf6 28. h3 Qe8 29. Bf2 c5 30. Qb7 Qd7 31. Qxd7 Nxd7 32. Kf1 Kf7 33. Ke2 g5 34. c4 Ne5 35. Be1 Nc6 36. c3 Ne5 37. Bf2 Ke6 38. Be3 Kf6 39. Bd2 Nf7 40. Be3 Nd6 41. h4 Kg6 42. hxg5 hxg5 43. Kf3 0-1

[Event "Belgrade Nedeljkovic Memorial"]
[Site "Belgrade"]
[Date "2014.05.31"]
[Round "5"]
[White "Nestorovic, Nikola"]
[Black "Elez, Nikola"]
[Result "1/2-1/2"]
[WhiteElo "2481"]
[BlackElo "2189"]
[PlyCount "117"]
[EventDate "2014.05.30"]
[EventType "tourn"]
[EventRounds "9"]
[EventCountry "SRB"]
[EventCategory "2"]
[SourceTitle "CBM 160 Extra"]
[Source "ChessBase"]
[SourceDate "2014.07.01"]
[SourceVersion "1"]
[SourceVersionDate "2014.07.01"]
[SourceQuality "1"]

1. e4 c5 2. Nf3 d6 3. d4 cxd4 4. Qxd4 Nc6 5. Bb5 Bd7 6. Qd3 h6 7. c4 Nf6 8. Nc3 a6 9. Bxc6 Bxc6 10. 0-0 e5 11. a4 Be7 12. Nh4 Nxe4 13. Nxe4 Bxe4 14. Qxe4 Bxh4 15. Qxb7 0-0 16. a5 Qb8 17. Qd5 Rc8 18. Ra3 Qb4 19. Rh3 Qxc4 20. Qxc4 Rxc4 21. b3 Rd4 22. Be3 Re4 23. Bb6 Bd8 24. Rd3 Bxb6 25. axb6 Rb8 26. Rxd6 Rb4 27. Ra1 R8xb6 28. Rxa6 Rxa6 29. Rxa6 Rxb3 30. g3 Kf8 31. Ra7 g6 32. h4 Kg7 33. Kg2 Rb6 34. Rc7 Kf6 35. Ra7 Re6 36. Rb7 Re7 37. Rb6+ Kf5 38. Rb5 g5 39. hxg5 hxg5 40. Kf3 g4+ 41. Ke3 Ra7 42. Rb3 Ra4 43. Ke2 Re4+ 44. Kf1 Rd4 45. Re3 Re4 46. Rb3 Kg5 47. Rb7 f5 48. Rg7+ Kf6 49. Ra7 Rd4 50. Ra6+ Kg5 51. Ra5 Re4 52. Rb5 f4 53. gxf4+ Kxf4 54. Kg2 Rd4 55. Rb8 Ke4 56. Re8 Ra4 57. Kg3 Kf5 58. Rf8+ Ke6 59. Rg8 1/2-1/2